Plus riches que...Renault? - Mort subite - Statistiques

Statistiques générales
  • Ce quiz a été pris 80 fois
  • Le résultat moyen est 6 sur 18
Answers on the Grid
Answers color-coded by a green-red scale on the quiz's grid according to % correct below.
Stellantis
The Walt Disney Company
LVMH
Mercedes-Benz
Ford
Volkswagen
Apple
La Bulgarie (PIB)
Tesla
Total
Carrefour
Hyundai
Gazprom
Slovaquie (PIB)
Sony
Deutsche Telekom
EDF
Siemens
Michelin
Coca-Cola
McDonald's
Adidas
Porsche
Audi
Alstom
La Jamaïque (PIB)
Ryanair
Rolex
Heineken
Paramount
Mitsubishi
Warner Bros
Starbucks
HP Inc.
Barnes and Nobles
Vodafone
 
Statistiques - réponses
Réponse % Correct
Apple
70%
LVMH
70%
The Walt Disney Company
60%
Tesla
58%
Total
58%
Mercedes-Benz
56%
Volkswagen
42%
Stellantis
38%
Ford
34%
Carrefour
28%
EDF
24%
Sony
24%
La Bulgarie (PIB)
22%
Gazprom
18%
Hyundai
12%
Siemens
8%
Slovaquie (PIB)
8%
Deutsche Telekom
6%
Aucun quiz correspondant
Distribution des résultats
% des personnes avec chaque résultat
Percentile par nombre de réponses
Votre historique - résultats
Vous n’avez pas pris ce quiz